000
00278nam a2200121Ia 4500
005
20251222140052.0
008
251222s1900||||xx |||||||||||||| ||spa||
082
_a
101/B59
100
_a
Biturro, Jorge
245
0
_a
Introducción al Filosofar
264
_b
Kapelusz
942
_c
LIB
999
_c
3631
_d
3631